Drew Starkey Filmography - Statistics

General Stats
  • This quiz has been taken 80 times
    20 since last reset
  • The average score is 12 of 36
Answer Stats
Type Year Name % Correct
Web Series 2020-Present Outer Banks
100%
Film 2024 Queer
89%
Film 2023 The Other Zoey
78%
Film 2022 Hellraiser
72%
Film 2019 Just Mercy
56%
Film 2018 Love, Simon
56%
Web Series TBA Lucky
50%
Short Film 2015 Bounds
44%
TV Show 2019 Scream: The TV Series
44%
Film 2020 The Devil All the Time
44%
Film 2018 The Hate U Give
44%
Web Series 2022 The Terminal List
39%
Film TBA Onslaught
33%
Film 2018 American Animals
28%
Film 2020 Embattled
28%
Short Film 2019 Extended Stay
28%
TV Pilot 2020 Limbo
28%
Film 2019 Mine 9
28%
Short Film 2014 The Radical Notion of Gene Mutation
28%
Short Film 2016 Up the Hill
28%
Short Film 2015 Lost Soles
22%
Short Film 2016 Love Is the Longest Con
22%
Web Series 2017 Ozark
22%
TV Show 2018 Bobcat Goldthwait's Misfits & Monsters
17%
TV Show 2018 Brockmire
17%
Documentary Series 2017 Dead Silent
17%
Web Series 2019 Doom Patrol
17%
TV Show 2017 Good Behavior
17%
TV Show 2017 Mercy Street
17%
TV Show 2019 Queen Sugar
17%
TV Show 2017 Shots Fired
17%
Short Film 2019 The Family Portrait
17%
TV Show 2018 The Resident
17%
TV Show 2017 Valor
17%
Web Series 2020 Acting for a Cause
11%
Web Series 2019 Dolly Parton's Heartstrings
11%
No matching quizzes found
Score Distribution
Percent of People with Each Score
Percentile by Number Answered
Your Score History
You have not taken this quiz since the last reset